000
00312nam a2200133Ia 4500
005
20251222152035.0
008
251222s9999||||xx |||||||||||||| ||spa||
082
_a
657.1/P21
100
_a
Palomino Hurtado, Carlos
245
0
_a
Método Calpa:
250
_a
1ra. ed.
264
_b
Ediciones Calpa
942
_c
LIB
999
_c
25837
_d
25837